000 00324nam a2200133Ia 4500
008 221030s9999 xx 000 0 und d
041 _aEnglish
082 _a105.23
100 _aA. N. Agrawal
245 0 _aIndian Economy Problems of Development & Planning
_cby A. N. Agrawal
260 _c0
650 _aB
942 _cBK
999 _c13814
_d13814